000 00304nam a22001337a 4500
008 171030b xxu||||| |||| 00| 0 eng d
020 _a9780070970274
041 _aeng
080 _27 ED
_a33
100 _a58
101 _aBUS
245 _aUNDERSTANDING CANADIAN BUSSINESS
_cHIL.M
942 _2udc
_cBK
999 _c36579
_d36579